40 Most Famous Cities in Denmark(incl. Greenland and Faroe) on a Map - Statistics

General Stats
  • This quiz has been taken 229 times
  • The average score is 17 of 40
Answers on the Map
Answers color-coded by a green-red scale on the quiz's map according to % correct below.
 
Answer Stats
Wiki Monthly Views Cityquiz Mention Rate Population Answers % Correct
303.34K 57.92% 1378.65K Copenhagen
97%
94.50K 33.40% 19.87K Nuuk
96%
52.17K 16.69% 295.69K Aarhus
88%
27.84K 11.80% 120.70K Aalborg
85%
32.06K 10.93% 183.76K Odense
85%
35.87K 5.90% 14.10K Tórshavn
70%
15.40K 4.02% 71.50K Esbjerg
65%
17.14K 3.01% 52.97K Roskilde
55%
7.45K 2.35% 64.16K Randers
52%
17.15K 2.32% 47.95K Helsingør
48%
15.37K 1.85% 7.48K Skagen
48%
10.03K 1.90% 62.44K Kolding
46%
5.33K 2.07% 13.76K Rønne
46%
16.80K 3.00% 7.31K Billund
45%
7.81K 1.38% 63.90K Horsens
45%
11.00K 1.63% 61.71K Vejle
45%
8.77K 0.77% 42.30K Viborg
37%
7.80K 0.86% 41.54K Fredericia
36%
7.90K 1.44% 22.84K Frederikshavn
36%
7.56K 1.07% 51.80K Silkeborg
36%
12.42K 1.27% 51.31K Herning
35%
9.53K 0.46% 105.04K Frederiksberg
34%
11.83K 1.00% 8.29K Ribe
34%
14.15K 1.52% 0.59K Qaanaaq
32%
6.11K 0.52% 36.23K Hillerød
30%
4.83K 0.37% 16.64K Nykøbing Falster
29%
9.97K 0.91% 28.28K Sønderborg
29%
5.64K 0.50% 7.56K Tønder
28%
5.10K 0.68% 16.53K Middelfart
27%
4.87K 0.53% 45.10K Næstved
27%
6.16K 0.69% 16.50K Aabenraa
26%
5.87K 0.52% 5.09K Klaksvík
25%
5.43K 0.40% 22.28K Haderslev
24%
7.91K 1.34% 5.41K Sisimiut
24%
9.72K 0.86% 4.96K Ilulissat
23%
6.87K 0.76% 0.52K Kangerlussuaq
22%
6.69K 0.59% 11.23K Kongens Lyngby
21%
7.63K 0.63% 1.83K Tasiilaq
20%
6.82K 1.16% 3.05K Qaqortoq
16%
7.31K 0.10% 0.36K Ittoqqortoormiit
12%
No matching quizzes found
Score Distribution
Percent of People with Each Score
Percentile by Number Answered
Your Score History
You have not taken this quiz